|
|
|
|
| LEADER |
00998nam a2200325 a 4500 |
| 001 |
000318760 |
| 003 |
CZ BrMZK |
| 005 |
20260203101909.0 |
| 007 |
ta |
| 008 |
980115s1998 xr g f cze d |
| 015 |
|
|
|a cnb000355244
|
| 020 |
|
|
|a 80-7170-849-6
|
| 035 |
|
|
|a (OCoLC)40092286
|
| 040 |
|
|
|a BOA001
|b cze
|
| 072 |
|
7 |
|a 821.111-3
|x Anglická próza, anglicky psaná
|2 Konspekt
|9 25
|
| 080 |
|
|
|a 821.111-31
|2 MRF
|
| 080 |
|
|
|a (0:82-312.5)
|2 MRF
|
| 100 |
1 |
|
|a Allan, Jeanne
|7 jn20001005673
|4 aut
|
| 245 |
1 |
0 |
|a Život s Adamem /
|c Jeanne Allanová ; [překlad: Tereza Kůstková].
|
| 260 |
|
|
|a Praha :
|b Harlequin,
|c 1998
|
| 300 |
|
|
|a 151 s. ;
|c 18 cm
|
| 490 |
1 |
|
|a Sladká romance ;
|v 25 F (6/98)
|
| 655 |
|
7 |
|a anglicky psané romány
|7 fd131805
|2 czenas
|
| 655 |
|
7 |
|a milostné romány
|7 fd132840
|2 czenas
|
| 700 |
1 |
|
|a Kůstková, Tereza
|7 ola2007364616
|4 trl
|
| 765 |
0 |
|
|t Mowing in with Adam
|
| 830 |
|
0 |
|a Sladká romance
|
| 910 |
|
|
|a BOA001
|b 1-1042.744
|
| 990 |
|
|
|a BK
|
| 991 |
|
|
|s SKRYTO odpis
|